| 000 | 01077nam a22002537a 4500 | ||
|---|---|---|---|
| 999 |
_c64034 _d64034 |
||
| 005 | 20240530110711.0 | ||
| 008 | 180121s2013 ua a f b 000 0dara d | ||
| 017 |
_a2012/16116 _bمصر. دار الكتب |
||
| 020 | _a9789773144111 | ||
| 040 |
_aEG-CaGPL _cEG-CaGPL |
||
| 082 | 0 | 4 |
_221 _a737.4\ _bع م |
| 100 | 0 | _aعاطف منصور محمد رمضان | |
| 245 | 1 | 2 |
_aالمهدى والمهدوية على المسكوكات الاسلامية : _bدراسة تاريخية لاثر فكرة المهدى المنتظر على النقود فى العصر الاسلامى / _cعاطف منصور محمد رمضان . |
| 250 | _aط.1 | ||
| 260 |
_aالقاهرة : _bمكتبة زهراء الشرق ، _c2013 . |
||
| 300 |
_a695 ص. : _bايض ؛ _c24 سم. |
||
| 504 | _aببليوجرافية : ص 597 - 647 | ||
| 650 | 0 | 7 |
_2qrmak _aالمسكوكات العربية |
| 650 | 0 | 7 |
_2qrmak _aالنقود الاسلامية _xتاريخ |
| 650 | 0 | 7 |
_2qrmak _aالمهدى |
| 651 | _2qrmak | ||
| 942 |
_2ddc _cBK |
||